[Event "GER-ch Schools U18 Girls"]
[Site "Germany"]
[Date "2009.05.17"]
[Round "6.3"]
[White "Wilkens, Samantha"]
[Black "Rottler, Corinna"]
[Result "1-0"]
[WhiteElo "1006"]
[BlackElo "800"]
[PlyCount "87"]
[EventDate "2009.05.16"]
[EventType "team-swiss"]
[EventRounds "7"]
[EventCountry "GER"]
[SourceTitle "EXT 2011"]
[Source "ChessBase"]
[SourceDate "2010.11.26"]
[SourceVersion "1"]
[SourceVersionDate "2010.11.26"]
[SourceQuality "1"]
[WhiteTeam "Stade Athenaeum (W)"]
[BlackTeam "Neureut Gymn (W)"]
[WhiteTeamCountry "GER"]
[BlackTeamCountry "GER"]

1. d4 d5 2. Nf3 e6 3. Bf4 Bd6 4. Bxd6 cxd6 5. e3 Nf6 6. Bd3 0-0 7. Nbd2 Re8 8. 0-0 e5 9. dxe5 dxe5 10. Bb5 Bd7 11. Qe2 e4 12. Nd4 a6 13. Bxd7 Nbxd7 14. Rfe1 Qc7 15. c4 Rac8 16. Rac1 Qa5 17. a3 Nc5 18. b4 Qb6 19. bxc5 Qxc5 20. N2b3 Qxa3 21. cxd5 Nxd5 22. Nd2 Rxc1 23. Rxc1 Qxc1+ 24. Nf1 b5 25. g3 b4 26. Kg2 Rb8 27. Qxa6 b3 28. Nxb3 Nc7 29. Qd6 Qc3 30. Nc5 Qa5 31. Nd7 Rd8 32. Nd2 h6 33. Nf6+ gxf6 34. Qxd8+ Kh7 35. Nxe4 Qe5 36. Nxf6+ Kg6 37. Ng4 Qe4+ 38. f3 Qc2+ 39. Kh3 Ne6 40. Qg8+ Kh5 41. Qxf7+ Qg6 42. Nf6+ Kg5 43. Ne4+ Kh5 44. g4# 1-0

[Event "GER-chT U14 Girls"]
[Site "Stuttgart"]
[Date "2007.12.29"]
[Round "5.4"]
[White "Vogel, Jana"]
[Black "Wilkens, Samantha"]
[Result "0-1"]
[WhiteElo "792"]
[BlackElo "980"]
[PlyCount "62"]
[EventDate "2007.12.27"]
[EventType "team-swiss"]
[EventRounds "7"]
[EventCountry "GER"]
[SourceTitle "EXT 2009"]
[Source "ChessBase"]
[SourceDate "2008.11.26"]
[SourceVersion "1"]
[SourceVersionDate "2008.11.26"]
[SourceQuality "1"]
[WhiteTeam "Gryps SV U14 Girls"]
[BlackTeam "Stader SV U14 Girls"]
[WhiteTeamCountry "GER"]
[BlackTeamCountry "GER"]

1. e4 d6 2. d4 g6 3. f3 Nf6 4. Nc3 Bg7 5. Be3 0-0 6. Bd3 e5 7. g3 exd4 8. Bxd4 c5 9. Be3 d5 10. Bxc5 Re8 11. Qe2 Nc6 12. Bb5 a6 13. Bxc6 bxc6 14. h4 a5 15. f4 Nxe4 16. Nxe4 Rxe4 17. Rh2 Rxe2+ 18. Rxe2 Bxb2 19. Rd1 Bg4 20. Be7 Bc3+ 21. Rdd2 Bxd2+ 22. Kxd2 Qd7 23. Re1 Re8 24. Kc1 Rxe7 25. Rxe7 Qxe7 26. Kd2 Qc5 27. Ne2 Bxe2 28. Kxe2 Qxc2+ 29. Ke1 d4 30. g4 d3 31. f5 Qe2# 0-1

[Event "GER-chT U14 Girls"]
[Site "Stuttgart"]
[Date "2007.12.27"]
[Round "1.4"]
[White "Hofmann, Annegret"]
[Black "Wilkens, Samantha"]
[Result "1/2-1/2"]
[WhiteElo "1031"]
[BlackElo "980"]
[PlyCount "127"]
[EventDate "2007.12.27"]
[EventType "team-swiss"]
[EventRounds "7"]
[EventCountry "GER"]
[SourceTitle "EXT 2009"]
[Source "ChessBase"]
[SourceDate "2008.11.26"]
[SourceVersion "1"]
[SourceVersionDate "2008.11.26"]
[SourceQuality "1"]
[WhiteTeam "Chemnitz USG U14 Girls"]
[BlackTeam "Stader SV U14 Girls"]
[WhiteTeamCountry "GER"]
[BlackTeamCountry "GER"]

1. e4 d6 2. Nf3 g6 3. Bc4 Nf6 4. d3 Bg7 5. c3 0-0 6. Nbd2 Nbd7 7. d4 b6 8. 0-0 Bb7 9. Re1 Re8 10. Bb3 Rb8 11. Bc2 e6 12. Nf1 a5 13. Ng3 c5 14. Be3 Ng4 15. Bg5 f6 16. Be3 Nxe3 17. Rxe3 Qc8 18. d5 exd5 19. exd5 Rxe3 20. fxe3 Ba6 21. b3 Qb7 22. Rb1 Re8 23. Qd2 Qa8 24. Re1 f5 25. e4 fxe4 26. Nxe4 Bf8 27. c4 Bb7 28. Rf1 Ne5 29. Nf6+ Kh8 30. Nxe8 Qxe8 31. Ng5 Bh6 32. Qf4 Ba6 33. Qf6+ Kg8 34. Ne4 Be3+ 35. Kh1 Ng4 36. Qf3 Bc8 37. h3 Nf2+ 38. Nxf2 Bh6 39. Ne4 Bg7 40. Nxd6 Qf8 41. Qxf8+ Bxf8 42. Nxc8 Bg7 43. d6 Be5 44. d7 Bc7 45. Ne7+ Kg7 46. Nc6 h5 47. a3 g5 48. Rf5 Kh6 49. Rf6+ Kg7 50. Rg6+ Kf7 51. Rxg5 Ke6 52. Rd5 h4 53. g4 b5 54. d8Q Bxd8 55. Nxd8+ Ke7 56. Nb7 Kf6 57. cxb5 Ke6 58. Rxc5 Kd7 59. Bf5+ Ke7 60. b6 Kf6 61. Nxa5 Ke7 62. b7 Kd6 63. Rc4 Kd5 64. b8Q 1/2-1/2

[Event "GER-chT U14 Girls"]
[Site "Burg Stargard"]
[Date "2006.12.27"]
[Round "2.3"]
[White "Bischoff, Laura"]
[Black "Wilkens, Samantha"]
[Result "1-0"]
[WhiteElo "1455"]
[BlackElo "700"]
[PlyCount "51"]
[EventDate "2006.12.27"]
[EventType "team-swiss"]
[EventRounds "7"]
[EventCountry "GER"]
[SourceTitle "EXT 2008"]
[Source "ChessBase"]
[SourceDate "2007.11.25"]
[SourceVersion "1"]
[SourceVersionDate "2007.11.25"]
[SourceQuality "1"]
[WhiteTeam "Dresden Gruen Weiss U14 Girls"]
[BlackTeam "Stader SV U14 Girls"]
[WhiteTeamCountry "GER"]
[BlackTeamCountry "GER"]

1. e4 e5 2. f4 Nc6 3. Nf3 Bc5 4. Bc4 d6 5. d3 Nf6 6. Nc3 Qe7 7. Na4 Be6 8. Bb3 0-0-0 9. Nxc5 dxc5 10. Bd2 exf4 11. 0-0 h6 12. Qe2 g5 13. Bc3 Bg4 14. Rae1 Ne5 15. Bxe5 Qxe5 16. Nxe5 Bxe2 17. Rxe2 Rdg8 18. Nxf7 Rh7 19. e5 Nh5 20. Nd6+ cxd6 21. Bxg8 Re7 22. Rfe1 Ng7 23. exd6 Rd7 24. Re8+ Rd8 25. Be6+ Kb8 26. Rxd8# 1-0